000 00450nam a22001697a 4500
003 NUST - PNEC
005 20170116180834.0
008 150804b xxu||||| |||| 00| 0 eng d
020 _a0831130601
040 _cLIBRARY
082 _a530.7 CAM
100 _94863
_a Campbell, Paul D. Q
245 _aAn introduction to measuration and calibration
_cPaul D. Q.Campbell,
260 _cc 1995
650 _94864
_aMetric system
_x-
942 _2ddc
_cBK
999 _c64156
_d64156